Intensive tapping of older rubber (Record no. 61490)

MARC details
000 -LEADER
fixed length control field 00319nam a2200133Ia 4500
245 #0 - TITLE STATEMENT
Title Intensive tapping of older rubber
260 ## - PUBLICATION, DISTRIBUTION, ETC. (IMPRINT)
Name of publisher Planters Bulletin
Year of publication 1970
300 ## - PHYSICAL DESCRIPTION
Number of Pages 19-Dec
650 ## - SUBJECT ADDED ENTRY--TOPICAL TERM
Topical Term Intensive tapping
650 ## - SUBJECT ADDED ENTRY--TOPICAL TERM
Topical Term Rubber
650 ## - SUBJECT ADDED ENTRY--TOPICAL TERM
Topical Term Yield
942 ## - ADDED ENTRY ELEMENTS (KOHA)
Koha item type Journals
Holdings
Withdrawn status Lost status Damaged status Not for loan Home library Current library Shelving location Date acquired Serial Enumeration / chronology Koha item type
      Journals RRII Library RRII Library Physiology 17/12/2021 Volume 106, Issue Journals